00783nam a22002057a 4500999001900000005001700019010001500036020003100051035001400082037000900096082001800105100001500123245006200138260005700200270011900257300002000376700002000396942003200416952012900448 c183606d18360620211229155656.0 aENG-130756 a978-93-886-896-70c3999.00 aEN-114288 bDBAD a294.535095485 aRai, Raghu aShri Venkateswara of Tirupati:cRaghu Rai, Lekshmy Rajeev aChennaibWestland Publications Private Limitedc2019 a1st Floor, A Block, East Wing, Plot No. 40, SP Info City, Dr. MGR Salai, Perungudi, KandanchavadibChennaie600096 a174pc33cm(hbk) aRajeev, Lekshmy 2ddccENh294.535095485mRAI 001040718REFaAVbAVd2021-12-29eDBAD/PUBg3999.00l0o294.535095485 RAIpEN-114288r2021-12-29 00:00:00t1v3999.00yEN